|
|
แสดงรายละเอียดบรรณานุกรม |
|
|
Brief Record
: Get Marc (ISO 2709)
: E-mail record
: |
|
|
| LEADER 00000nama 2200000uu 4500 | |||
| 001 202734 | |||
| 003 ULIBM | |||
| 008 040531s|||| th m m a000 0 tha d | |||
| 020 978-974-16-8827-2 | |||
| 041 tha | |||
| 050 WQ300 ด153ค 2551 | |||
| 100 ดวงกมล ปิ่นเฉลียว. | |||
| 245 คู่มือการเรียนรู้ด้วยตนเอง เรื่องการคลอดก่อนกำหนด/ดวงกมล ปิ่นเฉลียว. | |||
| 246 0 ^aโครงการผลิตพยาบาลชุมชนฯ | |||
| 260 110 บาท. โครงการสวัสดิการวิชาการ สถาบันพระบรมราชชนก. นนทบุรี. | |||
| 300 49 หน้า. | |||
| 600 I.ดวงกมล ปิ่นเฉลียว. | |||
| 650 1.การคลอดก่อนกำหนด. | |||
| 995 001 | |||
| 999 ^aใช้งานได้ทุกระบบ | |||
| คุณยังไม่ได้ล็อกอิน คุณสามารถมีกิจกรรมร่วมกับเว็บไซต์ได้ แต่ต้องล็อกอินก่อน :: |
|
| สถานะ | |||||||||
| 1. | หนังสือทั่วไป สถานะ=หนังสือเก่า - บริการ ณ ห้องสมุด (ห้องเหลือง) | WQ300 ด153ค 2551 ฉ.2 | On Shelf ขอยืม | ||||||
| 2. | หนังสือทั่วไป สถานะ=หนังสือเก่า - บริการ ณ ห้องสมุด (ห้องเหลือง) | WQ300 ด153ค 2551 ฉ.31 | On Shelf ขอยืม | ||||||
| [แสดง 5/5 รายการ] | |||||||||
BibComment |
| คอมเมนท์ทรัพยากรรายการนี้ |
|
|